Dictionary/outline of basic statistics

Αποθηκεύτηκε σε:
Λεπτομέρειες βιβλιογραφικής εγγραφής
Κύριος συγγραφέας: Freund, John E.
Άλλοι συγγραφείς: Williams, Frank Jefferson
Μορφή: Βιβλίο
Γλώσσα:English
Δημοσίευση: New York : Dover Publications, 1991
Θέματα:
Ετικέτες: Προσθήκη ετικέτας
Δεν υπάρχουν, Καταχωρήστε ετικέτα πρώτοι!

MARC

LEADER 00000nam a2200000 i 4500
001 1/90405
008 990927s1991 eng d
020 |a 0-486-66796-0 
035 |l 10053091 
040 |a GR-MY-UA  |b gre  |e aacr 
041 0 |a eng 
082 0 |a 519.503 
100 1 |a Freund, John E. 
245 1 0 |a Dictionary/outline of basic statistics /  |c John E. Freund and Frank J. Williams 
260 |a New York :   |b Dover Publications,   |c 1991 
300 |a 195 p.  |b fig.; tabl. 
500 |a Reprint. Originally published: New York: McGraw-Hill, 1966 
504 |a Includes bibliographical references 
650 0 0 |a Statistics  |x Dictionaries. 
700 1 |a Williams, Frank Jefferson. 
852 |a INST  |b LESVOS  |e 19990927  |h 519.503 FRE  |p 005100019365  |q 005100019365  |t REF  |y 23 
901 |a BIBL1-1999-3 
909 |a Λ  |b 066567 
922 |a 1ΕΛΗ  |b 199907  |c ΚΠΣ/ΚΥΒ  |d LEADER 
950 |a 023-1998-09-14 
970 |a ΜΟΥΣΤΑΚΑ  |b ΠΗΝΕΛΟΠΗ  |z 1999/10/06